000 00792nam a22002177a 4500
003 PILC
005 20150806103546.0
008 150806b xxu||||| |||| 00| 0 eng d
020 _a9789719800606
050 _aRA 409
_b.P37 2013
100 _aParreño, Elizabeth B.
245 _aBasic statistics workbook :
_bfor health science students /
_cElizabeth B. Parreño, Ronel O. Jimenez.
260 _aQuezon City :
_bC & E Publishing, Inc.,
_c2013.
300 _axi, 268 pages :
_billustrations ;
_c22 cm.
500 _aIncludes appendix and bibliographical reference.
650 _aMedical statistics
_xProblems, exercise, etc.
650 _aBiometry
_xProblems, exercise, etc.
650 _aStatistics
_xProblems, exercise, etc.
700 _aJimenez, Ronel O.
942 _2lcc
_cBK
_kLOC
999 _c288360
_d288360